Osobitné činitele ekonomického rozvoja - nezamestnanosť, príjmová a výdavková úroveň, cenový vývoj a ich prejavy v cestovnom ruchu diplomová práca

Saved in:
Bibliographic Details
Main Author: Pavlová, Martina
Corporate Author: Obchodná fakulta EU. Katedra služieb a cestovného ruchu - zrušené
Other Authors: Pachingerová, Mária
Format: Book
Language:Slovak
Published: Bratislava 2012
Tags: Add Tag
No Tags, Be the first to tag this record!

MARC

LEADER 00000nbm a2200000 4500
001 0158988
005 20161109102222.1
041 0 |a slo 
044 |a SK 
245 1 0 |a Osobitné činitele ekonomického rozvoja - nezamestnanosť, príjmová a výdavková úroveň, cenový vývoj a ich prejavy v cestovnom ruchu  |b diplomová práca  |c Martina Pavlová ; školiteľ: Mária Pachingerová 
264 1 |a Bratislava  |c 2012 
300 |a 58 s. 
100 1 |a Pavlová, Martina 
700 1 |a Pachingerová, Mária 
710 2 |a Obchodná fakulta EU. Katedra služieb a cestovného ruchu - zrušené